MARC details
| 000 -LEADER |
| fixed length control field |
02133nim a2200469 a 4500 |
| 001 - CONTROL NUMBER |
| control field |
rdd90027474 |
| 003 - CONTROL NUMBER IDENTIFIER |
| control field |
CtWfDGI |
| 005 - DATE AND TIME OF LATEST TRANSACTION |
| control field |
20240308120721.0 |
| 007 - PHYSICAL DESCRIPTION FIXED FIELD--GENERAL INFORMATION |
| fixed length control field |
sd fungnnmmned |
| 008 - FIXED-LENGTH DATA ELEMENTS--GENERAL INFORMATION |
| fixed length control field |
160829s2001 nyunnnn j n eng d |
| 020 ## - INTERNATIONAL STANDARD BOOK NUMBER |
| International Standard Book Number |
9780743500159 |
| 028 01 - PUBLISHER NUMBER |
| Publisher number |
DD27474 |
| Source |
Recorded Books |
| 040 ## - CATALOGING SOURCE |
| Original cataloging agency |
CtWfDGI |
| Language of cataloging |
eng |
| Transcribing agency |
CtWfDGI |
| Description conventions |
|
| 041 0# - LANGUAGE CODE |
| Language code of sung or spoken text |
eng |
| Language code of text/sound track or separate title |
gle |
| 050 14 - LIBRARY OF CONGRESS CALL NUMBER |
| Classification number |
PB1227.5.E5 |
| Item number |
.I75 2001b |
| 082 04 - DEWEY DECIMAL CLASSIFICATION NUMBER |
| Classification number |
491.6/282421 |
| Edition number |
23 |
| 092 ## - LOCALLY ASSIGNED DEWEY CALL NUMBER (OCLC) |
| Classification number |
CD |
| Item number |
491.6 Pim |
| 098 14 - OTHER CLASSIFICATION SCHEMES (OCLC) |
| Call number based on other classification scheme |
X |
| -- |
LANG |
| -- |
IRE |
| -- |
S 74 |
| 100 ## - MAIN ENTRY--PERSONAL NAME |
| Personal name |
Pimsleur |
| 9 (RLIN) |
6483368 |
| 245 00 - TITLE STATEMENT |
| Title |
Irish |
| Medium |
[sound recording]. |
| 246 3# - VARYING FORM OF TITLE |
| Title proper/short title |
Quick & simple Irish |
| 246 1# - VARYING FORM OF TITLE |
| Display text |
At head of title on container: |
| Title proper/short title |
Simon & Schuster's Pimsleur |
| 250 ## - EDITION STATEMENT |
| Edition statement |
Unabridged. |
| 260 ## - PUBLICATION, DISTRIBUTION, ETC. (IMPRINT) |
| Place of publication, distribution, etc |
New York : |
| Name of publisher, distributor, etc |
Simon & Schuster Audio ; |
| Place of publication, distribution, etc |
Prince Frederick, MD : |
| Name of publisher, distributor, etc |
Distributed by Recorded Books, |
| Date of publication, distribution, etc |
p2001. |
| 264 ## - Production, Publication, Distribution, Manufacture, and Copyright Notice. |
| Place of production, publication, distribution, manufacture |
New York : |
| Name of producer, publisher, distributor, manufacturer |
Simon & Schuster Audio ; |
| Date of production, publication, distribution, manufacture, or copyr |
2001 |
| 300 ## - PHYSICAL DESCRIPTION |
| Extent |
4 sound discs : |
| Other physical details |
digital ; |
| Dimensions |
4 3/4 in. |
| 490 1# - SERIES STATEMENT |
| Series statement |
Pimsleur quick & simple |
| 500 ## - GENERAL NOTE |
| General note |
Title from container. |
| 500 ## - GENERAL NOTE |
| General note |
Compact disc. |
| 500 ## - GENERAL NOTE |
| General note |
In container (17 cm.). |
| 520 ## - SUMMARY, ETC. |
| Summary, etc |
This course includes eight lessons of Irish language instruction--4 hrs of audio-only effective language learning with real-life spoken practice sessions. Each lesson provides 30 minutes of spoken language practice, with an introductory conversation, and new vocabulary and structures. Detailed instructions enable you to understand and participate in the conversation. Practice for vocabulary introduced in previous lessons is included in each lesson. The emphasis is on pronunciation and comprehension, and on learning to speak Irish. |
| 650 #0 - SUBJECT ADDED ENTRY--TOPICAL TERM |
| Topical term or geographic name as entry element |
Irish language |
| Form subdivision |
Sound recordings for English speakers. |
| 9 (RLIN) |
6483389 |
| 650 #0 - SUBJECT ADDED ENTRY--TOPICAL TERM |
| Topical term or geographic name as entry element |
Irish language |
| Form subdivision |
Self-instruction. |
| 9 (RLIN) |
6483390 |
| 650 #0 - SUBJECT ADDED ENTRY--TOPICAL TERM |
| Topical term or geographic name as entry element |
Irish language |
| General subdivision |
Study and teaching |
| Form subdivision |
Audio-visual aids. |
| 9 (RLIN) |
6483391 |
| 655 #7 - INDEX TERM--GENRE/FORM |
| Genre/form data or focus term |
Audiobooks. |
| Source of term |
lcgft |
| 9 (RLIN) |
5975217 |
| 710 2# - ADDED ENTRY--CORPORATE NAME |
| Corporate name or jurisdiction name as entry element |
Simon & Schuster Audio (Firm) |
| 9 (RLIN) |
58735 |
| 710 2# - ADDED ENTRY--CORPORATE NAME |
| Corporate name or jurisdiction name as entry element |
Recorded Books, Inc. |
| 9 (RLIN) |
60865 |
| 830 #0 - SERIES ADDED ENTRY--UNIFORM TITLE |
| Uniform title |
Pimsleur quick & simple. |
| 9 (RLIN) |
5832356 |
| 942 ## - ADDED ENTRY ELEMENTS (KOHA) |
| Koha item type |
CD |
| Source of classification or shelving scheme |
Dewey Decimal Classification |
| 945 ## - LOCAL PROCESSING INFORMATION (OCLC) |
| c |
(OCoLC)0957573485 |
| 948 ## - LOCAL PROCESSING INFORMATION (OCLC); SERIES PART DESIGNATOR (RLIN) |
| Series part designator, SPT (RLIN) |
07/21/2018 |
| z (OCLC) |
Sirsi |